000 00261nam a22001217a 4500
082 _a823
_bBHA/T
100 _aBHANOT, T R
245 _aRAMAYANA IX - BATTLE EPISODE
260 _aDELHI
_bDREAMLAND
300 _a24
650 _aENGLISH STORY
_zINDIA
942 _cBK
999 _c7475
_d7475